[Event "16th South Wales Int 2019"]
[Site "Bridgend"]
[Date "2019.07.09"]
[Round "5.17"]
[White "May, Adam J"]
[Black "Borkowski, J Andrew"]
[Result "1/2-1/2"]
[WhiteElo "1917"]
[BlackElo "1769"]
[PlyCount "93"]
[EventDate "2019.07.07"]
[EventType "swiss"]
[EventRounds "9"]
[EventCountry "WLS"]

1. c4 d6 2. g3 e5 3. Bg2 f5 4. Nc3 Nf6 5. d3 Be7 6. e4 c6 7. Nge2 O-O 8. O-O
Qe8 9. f3 fxe4 10. dxe4 Qf7 11. b3 Nbd7 12. Be3 b6 13. Qd2 Bb7 14. Rad1 Rad8
15. h3 Nh5 16. Qe1 Qg6 17. f4 exf4 18. gxf4 Kh8 19. f5 Qe8 20. Nd4 Rf7 21. Ne6
Rc8 22. Bf3 Nhf6 23. Bf4 Ne5 24. Be2 Rb8 25. Qg3 Bc8 26. Ng5 Rf8 27. Bxe5 dxe5
28. Kh1 Bd8 29. Rg1 Qe7 30. Rd2 Rb7 31. Bd1 Rd7 32. Rdg2 Rb7 33. a4 a6 34. Qe1
Rg8 35. Ne2 b5 36. axb5 axb5 37. Ng3 Bb6 38. Rf1 h6 39. Nf3 Bd7 40. cxb5 cxb5
41. b4 Rc7 42. Rc2 Rgc8 43. Rxc7 Bxc7 44. Bb3 Bd6 45. Qa1 Kh7 46. Rd1 Bc6 47.
Qb1 1/2-1/2

[Event "16th South Wales Int 2019"]
[Site "Bridgend"]
[Date "2019.07.09"]
[Round "5.18"]
[White "Harris, Calum"]
[Black "Parry, Matthew"]
[Result "1/2-1/2"]
[WhiteElo "1764"]
[BlackElo "1909"]
[PlyCount "106"]
[EventDate "2019.07.07"]
[EventType "swiss"]
[EventRounds "9"]
[EventCountry "WLS"]

1. d4 Nf6 2. c4 Nc6 3. Nf3 e6 4. a3 d5 5. Nc3 a6 6. Bg5 h6 7. cxd5 exd5 8. Bh4
Be6 9. e3 g5 10. Bg3 Ne4 11. Ne5 Nxe5 12. Bxe5 f6 13. Bg3 h5 14. Rc1 c6 15. f3
Nxg3 16. hxg3 Bd6 17. f4 Qe7 18. Rxh5 O-O-O 19. Rxh8 Rxh8 20. Qf3 Kb8 21. Bd3
Bg4 22. Qf2 Qe6 23. Kd2 Bf5 24. Rg1 c5 25. Qf3 cxd4 26. exd4 Bxd3 27. Kxd3 gxf4
28. Nxd5 fxg3 29. Qxf6 Qxd5 30. Qxh8+ Ka7 31. Qf6 Qb5+ 32. Kc3 Qc6+ 33. Kb3
Qd5+ 34. Kc3 Qc6+ 35. Kd3 Qb5+ 36. Ke4 Qc6+ 37. Kf5 Qc2+ 38. Ke6 Bb8 39. d5
Qc8+ 40. Kf7 Qd7+ 41. Kg6 Qxd5 42. Qc3 Qe4+ 43. Kf7 Qf5+ 44. Qf6 Qd7+ 45. Kg6
Qg4+ 46. Qg5 Qe6+ 47. Kh5 Qf7+ 48. Kg4 Qc4+ 49. Kf3 Qf7+ 50. Ke4 Qc4+ 51. Kf3
Qf7+ 52. Kg4 Qc4+ 53. Kh3 Qc8+ 1/2-1/2

[Event "16th South Wales Int 2019"]
[Site "Bridgend"]
[Date "2019.07.09"]
[Round "5.20"]
[White "Sivarajasingam, Venetia"]
[Black "Bevan, Peter M"]
[Result "0-1"]
[WhiteElo "1745"]
[BlackElo "1942"]
[PlyCount "128"]
[EventDate "2019.07.07"]
[EventType "swiss"]
[EventRounds "9"]
[EventCountry "WLS"]

1. e4 c5 2. Nf3 Nc6 3. Bb5 g6 4. O-O Bg7 5. c3 e5 6. d3 Nge7 7. Be3 d6 8. Na3
a6 9. Ba4 O-O 10. Qd2 b5 11. Bc2 Bg4 12. Ne1 Be6 13. f4 exf4 14. Bxf4 d5 15.
exd5 Nxd5 16. Bg5 Qd7 17. Bh6 f5 18. Bxg7 Qxg7 19. Qf2 b4 20. Qxc5 Rac8 21. Qd6
Bf7 22. Nc4 bxc3 23. bxc3 Nxc3 24. Nf3 Nb5 25. Qf4 Ncd4 26. Nxd4 Nxd4 27. Qd2
Nxc2 28. Qxc2 Bxc4 29. dxc4 Qd4+ 30. Kh1 Rxc4 31. Qb3 Qc3 32. Qb6 Rc6 33. Qb3+
Qxb3 34. axb3 Rb8 35. Ra3 Kg7 36. h3 Rbb6 37. Rd1 Rc3 38. Rda1 Rcxb3 39. Rxa6
Rxa6 40. Rxa6 Kh6 41. Kh2 Kg5 42. Ra4 Re3 43. h4+ Kh5 44. g3 Re4 45. Ra7 Kg4
46. Ra3 f4 47. gxf4 Rxf4 48. Rg3+ Kh5 49. Kg2 Rxh4 50. Rc3 h6 51. Rc5+ g5 52.
Kg3 Ra4 53. Rc3 Ra1 54. Kh3 Rh1+ 55. Kg2 Re1 56. Kg3 Rg1+ 57. Kf2 Ra1 58. Kg3
Ra5 59. Rb3 g4 60. Rc3 Kg5 61. Rc8 Ra3+ 62. Kg2 Kh4 63. Rc2 h5 64. Rb2 Ra5 0-1

[Event "16th South Wales Int 2019"]
[Site "Bridgend"]
[Date "2019.07.09"]
[Round "5.21"]
[White "Hughes, Anthony"]
[Black "Chung, Daniel"]
[Result "1-0"]
[WhiteElo "1900"]
[BlackElo "1434"]
[PlyCount "89"]
[EventDate "2019.07.07"]
[EventType "swiss"]
[EventRounds "9"]
[EventCountry "WLS"]

1. e4 c5 2. Nf3 e6 3. c3 Nc6 4. Bb5 Nf6 5. Qe2 Be7 6. O-O O-O 7. d4 cxd4 8.
cxd4 d5 9. e5 Ne4 10. Nc3 Ng5 11. Nxg5 Bxg5 12. Rd1 Bd7 13. Qg4 Bxc1 14. Raxc1
Ne7 15. Bd3 Qe8 16. Rd2 f5 17. exf6 Rxf6 18. Qe2 Ng6 19. Qh5 Nf8 20. Qxe8 Bxe8
21. Re2 Rc8 22. Rce1 Kf7 23. Nxd5 exd5 24. Re7+ Kg8 25. Rxe8 Rxe8 26. Rxe8 Rf4
27. Kf1 Rxd4 28. Ke2 Rb4 29. b3 Rb6 30. Rd8 Rh6 31. h3 Rh5 32. Rxd5 Rxd5 33.
Bc4 b6 34. Bxd5+ Kh8 35. Kd3 Nd7 36. Kc4 g6 37. Kb5 Nc5 38. b4 Nd3 39. f3 Kg7
40. Be4 Nf4 41. Ka6 Ne2 42. Kxa7 Nc3 43. Kxb6 Nxa2 44. Kc5 Nxb4 45. Kxb4 1-0

[Event "16th South Wales Int 2019"]
[Site "Bridgend"]
[Date "2019.07.09"]
[Round "5.22"]
[White "Davies, Sam"]
[Black "Whitehead, Mark A"]
[Result "1/2-1/2"]
[WhiteElo "1705"]
[BlackElo "1887"]
[PlyCount "67"]
[EventDate "2019.07.07"]
[EventType "swiss"]
[EventRounds "9"]
[EventCountry "WLS"]

1. e4 c5 2. Nc3 a6 3. g3 b5 4. Bg2 Bb7 5. d3 Nc6 6. f4 d6 7. Nf3 g6 8. O-O Bg7
9. Nd5 e6 10. Ne3 Nge7 11. f5 Nd4 12. c3 Nxf3+ 13. Bxf3 Nc6 14. Bg2 Qe7 15. Ng4
Be5 16. Nxe5 dxe5 17. a4 b4 18. fxe6 Qxe6 19. Bg5 h6 20. Be3 Qe7 21. cxb4 cxb4
22. Bb6 O-O 23. Qc1 Qd7 24. Qe3 Kg7 25. Rac1 f6 26. a5 Rac8 27. Rc4 Rf7 28.
Rfc1 Nd4 29. Rxc8 Bxc8 30. Rc7 Qxc7 31. Bxc7 Rxc7 32. Qd2 b3 33. Qb4 Rc1+ 34.
Kf2 1/2-1/2

[Event "16th South Wales Int 2019"]
[Site "Bridgend"]
[Date "2019.07.09"]
[Round "5.24"]
[White "Thomas, Roy"]
[Black "Hirst, Joe"]
[Result "1-0"]
[WhiteElo "1708"]
[BlackElo "1632"]
[PlyCount "75"]
[EventDate "2019.07.07"]
[EventType "swiss"]
[EventRounds "9"]
[EventCountry "WLS"]

1. f4 c5 2. e4 d5 3. e5 e6 4. Nf3 Nc6 5. Be2 Nge7 6. O-O Ng6 7. d3 Be7 8. c3
O-O 9. Na3 a6 10. Nc2 b5 11. Be3 a5 12. g3 Ba6 13. h4 f5 14. Kf2 Nh8 15. Rh1 h6
16. Qg1 Nf7 17. g4 fxg4 18. Qxg4 Nfxe5 19. Qxe6+ Kh8 20. Nxe5 Nxe5 21. Qxe5
Bxh4+ 22. Kf1 Bf6 23. Qh5 d4 24. Bd2 Bg5 25. Ke1 Bxf4 26. Bxf4 Rxf4 27. Kd2
dxc3+ 28. bxc3 b4 29. Qe5 Rf2 30. Rxh6+ Kg8 31. Qe6+ Rf7 32. Rg1 Raa7 33. Rhg6
Kh8 34. Rh1+ Kg8 35. Qh3 Kf8 36. Qh8+ Ke7 37. Re6+ Kd7 38. Rd6+ 1-0

[Event "16th South Wales Int 2019"]
[Site "Bridgend"]
[Date "2019.07.09"]
[Round "5.25"]
[White "Williams, David J"]
[Black "Spanton, Tim R"]
[Result "0-1"]
[WhiteElo "1519"]
[BlackElo "1900"]
[PlyCount "62"]
[EventDate "2019.07.07"]
[EventType "swiss"]
[EventRounds "9"]
[EventCountry "WLS"]

1. e4 c5 2. Nf3 g6 3. Bc4 Bg7 4. O-O Nc6 5. c3 Qb6 6. Re1 d6 7. Na3 Nf6 8. Nc2
Bg4 9. d4 cxd4 10. cxd4 Bxf3 11. gxf3 O-O 12. Rb1 Rac8 13. Be3 Qc7 14. Bd3 Nh5
15. Qd2 Qd7 16. Bf1 f5 17. Bh3 e6 18. Kh1 f4 19. d5 fxe3 20. Qxe3 Nd8 21. dxe6
Nxe6 22. Qb3 Nhf4 23. Bf1 Kh8 24. Rbd1 Nc5 25. Qa3 Be5 26. Rd2 Qg7 27. Ne3 a6
28. Red1 Nfe6 29. Nd5 Qh6 30. h3 Nf4 31. Nxf4 Qxf4 0-1

[Event "16th South Wales Int 2019"]
[Site "Bridgend"]
[Date "2019.07.09"]
[Round "5.26"]
[White "Williams, Ron"]
[Black "O`rourke, Kevin"]
[Result "1-0"]
[WhiteElo "1644"]
[BlackElo "1266"]
[PlyCount "97"]
[EventDate "2019.07.07"]
[EventType "swiss"]
[EventRounds "9"]
[EventCountry "WLS"]

1. d4 d5 2. Nc3 Nf6 3. Bf4 a6 4. e3 Ne4 5. Nxe4 dxe4 6. Bc4 e6 7. Ne2 Nd7 8.
Nc3 Bb4 9. O-O Nf6 10. Bg5 Bxc3 11. bxc3 h6 12. Bxf6 Qxf6 13. Qg4 Bd7 14. Qxe4
O-O-O 15. Rab1 Bc6 16. Qd3 Kd7 17. f3 Ke7 18. e4 Bb5 19. Bxb5 axb5 20. Qxb5 Rb8
21. Rb2 Rhc8 22. Qd3 Qg5 23. Rfb1 b6 24. Rb5 Qf4 25. g3 Qd6 26. c4 Ra8 27. R1b2
Ra5 28. Rxa5 bxa5 29. c5 Qc6 30. Qb5 Qxb5 31. Rxb5 c6 32. Rb6 Kf6 33. Kf2 e5
34. d5 Ke7 35. d6+ Kd7 36. Ke3 g6 37. Rb7+ Ke6 38. Kd3 f5 39. Kc3 f4 40. g4 Rd8
41. Rc7 Rxd6 42. cxd6 Kxd6 43. Ra7 Kc5 44. Rxa5+ Kb6 45. Rxe5 c5 46. Re6+ Kb5
47. Rxg6 Ka4 48. e5 Ka3 49. Ra6# 1-0

[Event "16th South Wales Int 2019"]
[Site "Bridgend"]
[Date "2019.07.09"]
[Round "5.27"]
[White "Miga, Tomasz"]
[Black "Orton, Paul"]
[Result "1/2-1/2"]
[WhiteElo "1593"]
[BlackElo "1584"]
[PlyCount "81"]
[EventDate "2019.07.07"]
[EventType "swiss"]
[EventRounds "9"]
[EventCountry "WLS"]

1. d4 Nf6 2. Nf3 d5 3. c4 e6 4. Nc3 c5 5. e3 b6 6. cxd5 exd5 7. Bb5+ Bd7 8.
Bxd7+ Nbxd7 9. Qa4 Be7 10. Ne5 O-O 11. Nxd7 Qxd7 12. Qxd7 Nxd7 13. Nxd5 Bd6 14.
dxc5 Nxc5 15. Ke2 Rfd8 16. Rd1 Rac8 17. Bd2 Ne4 18. Bc3 Nxc3+ 19. Nxc3 Be5 20.
Rxd8+ Rxd8 21. Rd1 Rxd1 22. Nxd1 Kf8 23. Kd3 Ke7 24. f4 Bd6 25. Nc3 Ke6 26. g4
h6 27. Ke4 g6 28. f5+ gxf5+ 29. gxf5+ Kf6 30. h3 Kg5 31. Nd5 Kh4 32. Nf4 Kg3
33. Nd3 Kxh3 34. Kf3 h5 35. Nf4+ Kh4 36. e4 Be5 37. b3 Kg5 38. Nh3+ Kh4 39. Nf4
Kg5 40. Nh3+ Kh4 41. Nf4 1/2-1/2

[Event "16th South Wales Int 2019"]
[Site "Bridgend"]
[Date "2019.07.09"]
[Round "5.28"]
[White "Chung, Joel"]
[Black "Hurn, Robert Aj"]
[Result "0-1"]
[WhiteElo "1475"]
[BlackElo "1615"]
[PlyCount "84"]
[EventDate "2019.07.07"]
[EventType "swiss"]
[EventRounds "9"]
[EventCountry "WLS"]

1. e4 c5 2. Nc3 Nc6 3. f4 g6 4. Nf3 Bg7 5. Bc4 e6 6. d3 Nge7 7. Bd2 d5 8. exd5
exd5 9. Bb3 O-O 10. Qe2 Bg4 11. O-O-O Nd4 12. Qf2 Nxb3+ 13. cxb3 Rc8 14. h3 Bf5
15. Be1 Re8 16. g4 Bd7 17. Rf1 Qc7 18. Nd2 f5 19. g5 Bd4 20. Qf3 Bc6 21. h4 Qa5
22. Kb1 Bxc3 23. bxc3 d4 24. Qf2 Nd5 25. cxd4 Nc3+ 26. Kc2 Nxd1 27. Kxd1 Qxa2
28. dxc5 Qa1+ 29. Kc2 Bd5 30. Rg1 b5 31. d4 b4 32. Rf1 Qc3+ 33. Kb1 Qd3+ 34.
Kb2 Re2 35. Qg1 Qxb3+ 36. Kc1 Qa3+ 37. Kd1 Rce8 38. Rf2 Qa1+ 39. Kc2 Rxe1 40.
Qg3 Qc1+ 41. Kd3 Qa3+ 42. Kc2 Rc1# 0-1

[Event "16th South Wales Int 2019"]
[Site "Bridgend"]
[Date "2019.07.09"]
[Round "5.29"]
[White "Robertson, Jim"]
[Black "Emblem, Mark"]
[Result "1-0"]
[WhiteElo "1580"]
[BlackElo "1513"]
[PlyCount "59"]
[EventDate "2019.07.07"]
[EventType "swiss"]
[EventRounds "9"]
[EventCountry "WLS"]

1. d4 e6 2. f4 Nf6 3. e3 d5 4. Bd3 c5 5. c3 Nc6 6. Nf3 Be7 7. Nbd2 b6 8. Ne5
O-O 9. O-O Bb7 10. Qf3 Qc8 11. g4 Qe8 12. g5 Nd7 13. Qh5 g6 14. Qh6 f5 15. gxf6
Nxf6 16. Qh3 Bd8 17. Kh1 Bc8 18. Ndf3 Ne7 19. Ng5 Nf5 20. Rg1 Qe7 21. Bd2 Qg7
22. Raf1 h6 23. Nxe6 Bxe6 24. Rxg6 Qxg6 25. Nxg6 Rf7 26. Bxf5 Bxf5 27. Qxf5 Ne4
28. Qxd5 Nxd2 29. Rg1 Rc8 30. Ne5+ 1-0

[Event "16th South Wales Int 2019"]
[Site "Bridgend"]
[Date "2019.07.09"]
[Round "5.30"]
[White "Chung, Ethan Cheung Jing"]
[Black "Jaberansari, Daniel"]
[Result "1-0"]
[WhiteElo "1572"]
[BlackElo "1383"]
[PlyCount "73"]
[EventDate "2019.07.07"]
[EventType "swiss"]
[EventRounds "9"]
[EventCountry "WLS"]

1. Nf3 Nf6 2. g3 g6 3. c4 Bg7 4. Bg2 d6 5. Nc3 c5 6. d3 Nc6 7. e4 e6 8. Be3 O-O
9. Qd2 Rb8 10. h4 b6 11. Bh6 d5 12. Bxg7 Kxg7 13. h5 Rh8 14. hxg6 fxg6 15. Qh6+
Kg8 16. e5 Nh5 17. g4 Ng7 18. O-O-O Qf8 19. cxd5 exd5 20. Nxd5 Ne8 21. Qxf8+
Kxf8 22. g5 Be6 23. Nf6 Nxf6 24. exf6 Bxa2 25. Nh4 Ne5 26. f4 Nf7 27. Rde1 Rd8
28. Rh3 Bd5 29. Bxd5 Rxd5 30. Rhe3 Rd8 31. Re7 a6 32. Ra7 a5 33. Ree7 Nd6 34.
Rxh7 Rxh7 35. Rxh7 Nf7 36. Nxg6+ Kg8 37. Rg7# 1-0

[Event "16th South Wales Int 2019"]
[Site "Bridgend"]
[Date "2019.07.10"]
[Round "6.1"]
[White "Chatalbashev, Boris"]
[Black "Davies, Nigel R"]
[Result "1-0"]
[WhiteElo "2518"]
[BlackElo "2484"]
[PlyCount "85"]
[EventDate "2019.07.07"]
[EventType "swiss"]
[EventRounds "9"]
[EventCountry "WLS"]

1. d4 Nf6 2. c4 e6 3. Nc3 Bb4 4. Nf3 c5 5. g3 Nc6 6. Bg2 Ne4 7. Bd2 Nxd2 8.
Qxd2 cxd4 9. Nxd4 O-O 10. O-O Ne5 11. b3 a6 12. Rfd1 Rb8 13. a3 Be7 14. Qf4 d6
15. c5 Ng6 16. Qf3 d5 17. b4 Bd7 18. e4 dxe4 19. Qxe4 Qc7 20. h4 Bf6 21. h5 Ne7
22. h6 Nc6 23. Nde2 Rbd8 24. Rd6 b6 25. Rxc6 Qxc6 26. Qxc6 Bxc6 27. Bxc6 bxc5
28. b5 axb5 29. Bxb5 c4 30. hxg7 Kxg7 31. Rc1 Ra8 32. a4 Rfc8 33. Ne4 Be7 34.
Nd4 Ba3 35. Rc2 f5 36. Ng5 e5 37. Nc6 Kf6 38. Nf3 e4 39. Nfe5 c3 40. Rxc3 Bb2
41. Nd7+ Ke6 42. Rc2 Kxd7 43. Na7+ 1-0

[Event "16th South Wales Int 2019"]
[Site "Bridgend"]
[Date "2019.07.10"]
[Round "6.2"]
[White "Nasuta, Grzegorz"]
[Black "Korneev, Oleg"]
[Result "1/2-1/2"]
[WhiteElo "2529"]
[BlackElo "2523"]
[PlyCount "49"]
[EventDate "2019.07.07"]
[EventType "swiss"]
[EventRounds "9"]
[EventCountry "WLS"]

1. e4 e5 2. Nf3 Nc6 3. Bb5 Nf6 4. O-O Nxe4 5. d4 Nd6 6. dxe5 Nxb5 7. a4 Nbd4 8.
Nxd4 Nxd4 9. Qxd4 d5 10. Qd3 c6 11. a5 Be6 12. Nc3 Be7 13. Qg3 Qd7 14. Ne2 h5
15. h4 O-O-O 16. Bg5 a6 17. c3 Bg4 18. f3 Bxg5 19. fxg4 Be7 20. g5 Rde8 21. Nd4
Bd8 22. Nf5 Bc7 23. Nd6+ Bxd6 24. exd6 Re6 25. Qh3 1/2-1/2

[Event "16th South Wales Int 2019"]
[Site "Bridgend"]
[Date "2019.07.10"]
[Round "6.3"]
[White "Petrov, Marian"]
[Black "Arkell, Keith C"]
[Result "1/2-1/2"]
[WhiteElo "2463"]
[BlackElo "2461"]
[PlyCount "97"]
[EventDate "2019.07.07"]
[EventType "swiss"]
[EventRounds "9"]
[EventCountry "WLS"]

1. e4 e6 2. d4 d5 3. Nc3 dxe4 4. Nxe4 Bd7 5. Nf3 Bc6 6. Ng3 Nd7 7. Bd3 Ngf6 8.
O-O Be7 9. Re1 Bxf3 10. Qxf3 c6 11. a4 O-O 12. c3 Re8 13. a5 Qc7 14. Nh5 Nxh5
15. Qxh5 Nf6 16. Qh4 g6 17. Bh6 Nd5 18. Qe4 Bf8 19. Bxf8 Rxf8 20. Qe5 Qxe5 21.
dxe5 Rfd8 22. Be4 Rd7 23. g3 Rad8 24. Red1 f5 25. exf6 Nxf6 26. Bf3 Rxd1+ 27.
Rxd1 Rxd1+ 28. Bxd1 e5 29. Kf1 Kf7 30. Ke2 Ke6 31. Kd3 g5 32. h3 b6 33. axb6
axb6 34. b4 h6 35. Bf3 Kd6 36. c4 c5 37. b5 Ke6 38. Bg4+ Kd6 39. Bf5 Ke7 40.
Ke3 Kd6 41. Bg6 Ke6 42. f4 exf4+ 43. gxf4 Kd6 44. Kf3 Ke6 45. Kg3 Kd6 46. h4
gxh4+ 47. Kxh4 Ke6 48. Kg3 Kd6 49. Kf3 1/2-1/2

[Event "16th South Wales Int 2019"]
[Site "Bridgend"]
[Date "2019.07.10"]
[Round "6.5"]
[White "Siddharth, Jagadeesh"]
[Black "Richardson, John R"]
[Result "1-0"]
[WhiteElo "2410"]
[BlackElo "2239"]
[PlyCount "89"]
[EventDate "2019.07.07"]
[EventType "swiss"]
[EventRounds "9"]
[EventCountry "WLS"]

1. d4 Nf6 2. c4 e6 3. g3 d5 4. Nf3 Bb4+ 5. Bd2 Be7 6. Bg2 O-O 7. O-O Nbd7 8.
Qc2 c6 9. Bf4 a5 10. Rd1 a4 11. Ne5 Nh5 12. Bc1 f5 13. Nd2 Nhf6 14. Ndf3 Ne4
15. Nd3 Qe8 16. Rb1 Qh5 17. b4 axb3 18. axb3 Ndf6 19. b4 Bd7 20. Nf4 Qe8 21.
Ne5 b5 22. c5 Bd8 23. Nfd3 Nh5 24. f3 Nexg3 25. hxg3 Nxg3 26. Bf4 Nh5 27. Ra1
Rxa1 28. Rxa1 Bh4 29. Ra7 Bc8 30. Rc7 g5 31. Bc1 Qd8 32. Rxc6 Bg3 33. Rxc8 Qxc8
34. Bxg5 f4 35. c6 Qa6 36. Qc1 Qa7 37. Nc5 Re8 38. Bh3 Qa2 39. Kf1 Bh2 40. Bh4
Bg3 41. Bg4 Ng7 42. Bxg3 fxg3 43. c7 h5 44. Bxe6+ Nxe6 45. Nxe6 1-0

[Event "16th South Wales Int 2019"]
[Site "Bridgend"]
[Date "2019.07.10"]
[Round "6.6"]
[White "Camacho Collados, Jose"]
[Black "Blackburn, Jonathan L B"]
[Result "1-0"]
[WhiteElo "2408"]
[BlackElo "2217"]
[PlyCount "65"]
[EventDate "2019.07.07"]
[EventType "swiss"]
[EventRounds "9"]
[EventCountry "WLS"]

1. g3 Nf6 2. Bg2 g6 3. c4 Bg7 4. Nc3 d6 5. e4 Nc6 6. Nge2 a6 7. O-O h5 8. h3 h4
9. g4 Ne5 10. d4 Nxc4 11. Qa4+ b5 12. Nxb5 Bd7 13. Qxc4 Bxb5 14. Qc2 Nd7 15.
Rd1 c5 16. e5 cxd4 17. e6 d3 18. exd7+ Qxd7 19. Rxd3 Rc8 20. Nc3 Bxd3 21. Qxd3
O-O 22. Nd5 Rb8 23. Bg5 f6 24. Bxh4 g5 25. Bg3 Rxb2 26. Rc1 Rb7 27. Qg6 e6 28.
Be4 f5 29. gxf5 exf5 30. Ne7+ Qxe7 31. Bd5+ Kh8 32. Qh5+ Bh6 33. Qxh6+ 1-0

[Event "16th South Wales Int 2019"]
[Site "Bridgend"]
[Date "2019.07.10"]
[Round "6.7"]
[White "Ratnesan, Ranesh"]
[Black "Murphy, Conor E"]
[Result "1/2-1/2"]
[WhiteElo "2080"]
[BlackElo "2362"]
[PlyCount "131"]
[EventDate "2019.07.07"]
[EventType "swiss"]
[EventRounds "9"]
[EventCountry "WLS"]

1. d4 d5 2. Bf4 e6 3. e3 Bd6 4. Bxd6 cxd6 5. Qg4 g6 6. Nc3 Nf6 7. Qh4 Nh5 8.
Qxd8+ Kxd8 9. g4 Nf6 10. f3 Nc6 11. O-O-O Ke7 12. h4 h6 13. Nge2 Bd7 14. Ng3
Rac8 15. Be2 a6 16. g5 Ne8 17. e4 dxe4 18. fxe4 Nc7 19. Bg4 hxg5 20. hxg5 Rxh1
21. Nxh1 Rh8 22. Ne2 Rh4 23. Rg1 Na5 24. Bf3 e5 25. d5 Ne8 26. b3 Ng7 27. Nhg3
Bg4 28. Bxg4 Rxg4 29. Nc3 Nh5 30. Nge2 Rh4 31. Kd2 f6 32. gxf6+ Kxf6 33. Rf1+
Nf4 34. Ke3 g5 35. Nd1 Rh3+ 36. Rf3 Rh1 37. Nf2 Re1 38. Ng4+ Kg6 39. Rf2 b5 40.
Kf3 Nb7 41. Ng3 Nd8 42. Nf5 Rh1 43. Rh2 Rxh2 44. Nxh2 Nxd5 45. Nxd6 Nf6 46. b4
Ne6 47. c4 Nd4+ 48. Kg2 g4 49. Nf1 Kg5 50. cxb5 axb5 51. Ng3 Kf4 52. Kf2 Nc6
53. Ne2+ Kg5 54. a3 Nd4 55. Nf7+ Kh4 56. Ng3 Nc2 57. Nxe5 Nxa3 58. Nd3 Nc4 59.
Nf4 Ne5 60. Nf5+ Kg5 61. Ne6+ Kg6 62. Nf4+ Kg5 63. Ne6+ Kg6 64. Nf4+ Kf7 65.
Nd6+ Ke7 66. Nxb5 1/2-1/2

[Event "16th South Wales Int 2019"]
[Site "Bridgend"]
[Date "2019.07.10"]
[Round "6.8"]
[White "Kett, Tim"]
[Black "Brown, Thomas"]
[Result "1-0"]
[WhiteElo "2252"]
[BlackElo "2092"]
[PlyCount "57"]
[EventDate "2019.07.07"]
[EventType "swiss"]
[EventRounds "9"]
[EventCountry "WLS"]

1. e4 c6 2. d4 d5 3. Nc3 dxe4 4. Nxe4 Nf6 5. Nxf6+ exf6 6. c3 Bd6 7. Bd3 O-O 8.
Qc2 Re8+ 9. Ne2 h5 10. Be3 Nd7 11. Ng3 Bf4 12. Nxh5 Bxe3 13. fxe3 Rxe3+ 14. Kf2
Re8 15. Rae1 Rxe1 16. Rxe1 Nf8 17. Re3 f5 18. Bxf5 Qh4+ 19. Ng3 Bxf5 20. Qxf5
g6 21. Qf3 Rd8 22. Kg1 Ne6 23. Ne4 Qf4 24. Qe2 Kg7 25. Rf3 Qh4 26. Nf2 Rd5 27.
Nd3 c5 28. dxc5 Qc4 29. Rxf7+ 1-0

[Event "16th South Wales Int 2019"]
[Site "Bridgend"]
[Date "2019.07.10"]
[Round "6.9"]
[White "Waddington, Mike P"]
[Black "Rudd, Jack"]
[Result "0-1"]
[WhiteElo "2014"]
[BlackElo "2275"]
[PlyCount "66"]
[EventDate "2019.07.07"]
[EventType "swiss"]
[EventRounds "9"]
[EventCountry "WLS"]

1. c4 c5 2. Nc3 Nc6 3. g3 g6 4. Bg2 Bg7 5. a3 a5 6. e3 d6 7. Nge2 Nh6 8. O-O
O-O 9. d4 cxd4 10. exd4 Nf5 11. Nb5 Qb6 12. Re1 Re8 13. Nec3 Ncxd4 14. Nd5 Qc5
15. Nbc7 Be6 16. Nxa8 Rxa8 17. Bg5 h6 18. b4 axb4 19. axb4 Rxa1 20. Qxa1 Qxc4
21. Qa8+ Kh7 22. Nxe7 hxg5 23. Nxf5 gxf5 24. Qxb7 g4 25. h4 gxh3 26. Bh1 Qc3
27. Rd1 Qc2 28. Re1 Qd2 29. Rb1 Ne2+ 30. Kh2 Nxg3 31. Kxg3 Be5+ 32. Kxh3 Qxf2
33. Qg2 f4+ 0-1

[Event "16th South Wales Int 2019"]
[Site "Bridgend"]
[Date "2019.07.10"]
[Round "6.10"]
[White "Marusenko, Petr"]
[Black "Wilson, Matthew R"]
[Result "1-0"]
[WhiteElo "2154"]
[BlackElo "1817"]
[PlyCount "109"]
[EventDate "2019.07.07"]
[EventType "swiss"]
[EventRounds "9"]
[EventCountry "WLS"]

1. d4 d5 2. c4 e6 3. Nc3 Nf6 4. cxd5 exd5 5. Bg5 c6 6. e3 h6 7. Bf4 Bf5 8. h3
Bd6 9. Nge2 O-O 10. g4 Bxf4 11. Nxf4 Bh7 12. Bd3 Bxd3 13. Nxd3 Ne4 14. Nxe4
dxe4 15. Nf4 Na6 16. Qb3 Qa5+ 17. Qc3 Qb5 18. a4 Qb4 19. O-O Rad8 20. Rfc1 Rfe8
21. a5 Qd6 22. b4 Nc7 23. Qc5 a6 24. Qb6 Rb8 25. Rd1 Ne6 26. Nxe6 Rxe6 27. Qc5
Rd8 28. Rac1 Qd5 29. Qxd5 Rxd5 30. Rc5 Red6 31. Kg2 g6 32. h4 f5 33. Kg3 Kf7
34. gxf5 Rxf5 35. Rxf5+ gxf5 36. Kf4 Rd5 37. h5 Rb5 38. Rb1 Kf6 39. Rg1 Rxb4
40. Rg6+ Kf7 41. Rxh6 Rb5 42. Kg5 Kg7 43. Rg6+ Kh7 44. Rf6 f4+ 45. Kxf4 Rxa5
46. Rf7+ Kh6 47. Rxb7 Ra2 48. Kxe4 Rxf2 49. Rb6 a5 50. Rxc6+ Kxh5 51. Rc5+ Kg4
52. Rxa5 Rd2 53. Ra8 Kg3 54. Rf8 Rd1 55. Ke5 1-0

[Event "16th South Wales Int 2019"]
[Site "Bridgend"]
[Date "2019.07.10"]
[Round "6.11"]
[White "Phillips, William"]
[Black "Bullen, Alex"]
[Result "0-1"]
[WhiteElo "1847"]
[BlackElo "2118"]
[PlyCount "138"]
[EventDate "2019.07.07"]
[EventType "swiss"]
[EventRounds "9"]
[EventCountry "WLS"]

1. d4 d5 2. c4 e6 3. Nc3 Nf6 4. Bg5 Nbd7 5. Nf3 Bb4 6. e3 c5 7. cxd5 exd5 8.
Bd3 Qa5 9. Qc2 c4 10. Bf5 O-O 11. O-O g6 12. Bxd7 Nxd7 13. Nd2 Bxc3 14. Qxc3
Qxc3 15. bxc3 Nb6 16. e4 Be6 17. a4 f6 18. Bh6 Rfe8 19. a5 Nc8 20. Bf4 Kf7 21.
f3 Re7 22. Rfe1 b5 23. Nf1 a6 24. Ne3 Rd7 25. Ra2 Ne7 26. Nc2 Nc6 27. Rb1 g5
28. Bc1 g4 29. Nb4 Ne7 30. Ba3 gxf3 31. gxf3 Ng6 32. Kf2 Nf4 33. Ke3 Nh3 34.
Rg2 f5 35. e5 f4+ 36. Ke2 Rdd8 37. Nc2 Bf5 38. Rb2 Rg8 39. Ne1 Rxg2+ 40. Nxg2
Rg8 41. Kd1 Bd3 42. Ne1 Bf1 43. Rd2 Rg1 44. Bd6 Ke6 45. Bf8 Kf7 46. Bd6 Ng5 47.
Rf2 h5 48. h4 Ne6 49. Rh2 Ng7 50. Nc2 Bd3+ 51. Kd2 Bxc2 52. Kxc2 Ke6 53. Kb2
Nf5 54. Ka3 Nxd6 55. exd6 Kxd6 56. Re2 Rf1 57. Re5 Rxf3 58. Kb4 Rf1 59. Rxh5
Rb1+ 60. Ka3 Rb3+ 61. Ka2 Rxc3 62. Rh6+ Kc7 63. Rxa6 b4 64. Rf6 f3 65. a6 b3+
66. Kb1 Re3 67. a7 Kb7 68. Ra6 Ka8 69. Kb2 Re2+ 0-1

[Event "16th South Wales Int 2019"]
[Site "Bridgend"]
[Date "2019.07.10"]
[Round "6.12"]
[White "Byron, Alan M"]
[Black "Jukes, Sam"]
[Result "1-0"]
[WhiteElo "2222"]
[BlackElo "1895"]
[PlyCount "65"]
[EventDate "2019.07.07"]
[EventType "swiss"]
[EventRounds "9"]
[EventCountry "WLS"]

1. e4 e5 2. Nf3 Nc6 3. Bc4 Nf6 4. d3 Be7 5. O-O O-O 6. Re1 d6 7. a4 Kh8 8. Ng5
Bg4 9. f3 Bh5 10. g4 Bg6 11. Nh3 Nd4 12. Be3 Ne6 13. Bb3 h5 14. Nf2 Nh7 15. Nd2
Bg5 16. Nf1 Nf4 17. Ng3 h4 18. Bxf4 Bxf4 19. Ne2 Be3 20. Kg2 Bxf2 21. Kxf2 h3
22. Rg1 Qh4+ 23. Rg3 Ng5 24. Ng1 f5 25. exf5 Bxf5 26. gxf5 Rxf5 27. Qe2 Raf8
28. Rf1 Nxf3 29. Nxf3 Rxf3+ 30. Qxf3 Rxf3+ 31. Kxf3 g6 32. Rg4 Qh5 33. Kg3 1-0

[Event "16th South Wales Int 2019"]
[Site "Bridgend"]
[Date "2019.07.10"]
[Round "6.13"]
[White "May, Adam J"]
[Black "Wilks, Simon"]
[Result "0-1"]
[WhiteElo "1917"]
[BlackElo "2065"]
[PlyCount "86"]
[EventDate "2019.07.07"]
[EventType "swiss"]
[EventRounds "9"]
[EventCountry "WLS"]

1. c4 c5 2. g3 g6 3. Bg2 Bg7 4. Nc3 Nc6 5. Nf3 e5 6. O-O Nge7 7. a3 O-O 8. Ne1
d6 9. Nc2 Be6 10. Ne3 Qd7 11. Ned5 Bh3 12. Bxh3 Qxh3 13. d3 Nxd5 14. Nxd5 Rab8
15. b4 e4 16. Rb1 exd3 17. Nf4 dxe2 18. Qxe2 Qf5 19. Be3 b6 20. b5 Ne5 21. Nd5
Qe4 22. f3 Qxc4 23. Qd2 Rfe8 24. Kg2 Qd3 25. Qxd3 Nxd3 26. Rfd1 Ne5 27. Bg5 Rb7
28. Re1 Re6 29. a4 h6 30. Bf4 Kf8 31. Rbd1 g5 32. Bc1 Nc4 33. f4 Nb2 34. Bxb2
Bxb2 35. fxg5 hxg5 36. h4 gxh4 37. Nf4 Rh6 38. gxh4 Rxh4 39. Rf1 Rh6 40. Rd5
Be5 41. Nd3 Rg6+ 42. Kh1 f6 43. Nxe5 Rh7# 0-1